000 00771cam a2200241 a 4500
001 3045142
003 PILC
005 20150112093445.0
008 021121s2003 si a 000 0 eng d
020 _a0130083704 (pbk.)
040 _aNLB
_beng
_cNLB
_dSIM
043 _aa------
050 _aHF 5415.5
_b.F855 2003
082 0 4 _aMkSFr 658.812
_bF87 2003
100 1 _aFreemantle, David.
_923178
245 1 4 _aThe eight suns of Asian service :
_bpractising outstanding customer service in Asia /
_cDavid Freemantle
260 _aSingapore :
_bPrentice Hall,
_c2003.
300 _a169 pages :
_billustration ;
_c22 cm.
650 0 _aCustomer services
_zAsia.
_923179
650 0 _aService industries
_zAsia.
_923180
942 _2lcc
_cBK
999 _c14892
_d14892